[Event "Shymkent WGP 2024"]
[Site "Shymkent KAZ"]
[Date "2024.11.03"]
[Round "5.4"]
[White "Assaubayeva, Bibisara"]
[Black "Koneru, Humpy"]
[Result "1-0"]
[WhiteTitle "IM"]
[BlackTitle "GM"]
[WhiteElo "2487"]
[BlackElo "2530"]
[WhiteFideId "13708694"]
[BlackFideId "5008123"]
[EventDate "2024.10.30"]

1. c4 e5 2. Nc3 Nf6 3. Nf3 Nc6 4. e4 Bb4 5. d3 d6 6. Be2 Bc5 7. h3 Nd4 8. Be3 c6
9. O-O Nxf3+ 10. Bxf3 Be6 11. Qd2 O-O 12. Be2 Bxe3 13. Qxe3 c5 14. a3 Nd7 15. b4
b6 16. Bd1 cxb4 17. axb4 a5 18. Rb1 axb4 19. Rxb4 Qc7 20. Bc2 Ra6 21. Rfb1 Rb8
22. Kh1 Qc5 23. Qd2 f5 24. exf5 Bxf5 25. Nd5 Bg6 26. Rb5 Qa3 27. Ne7+ Kh8 28.
Nxg6+ hxg6 29. d4 exd4 30. Qxd4 Ne5 31. c5 Rc8 32. cxd6 Rc5 33. Qh4+ Kg8 34.
Bb3+ 1-0

[Event "Shymkent WGP 2024"]
[Site "Shymkent KAZ"]
[Date "2024.11.05"]
[Round "6.1"]
[White "Goryachkina, Aleksandra"]
[Black "Paehtz, Elisabeth"]
[Result "1-0"]
[WhiteTitle "GM"]
[BlackTitle "GM"]
[WhiteElo "2533"]
[BlackElo "2458"]
[WhiteFideId "4147103"]
[BlackFideId "4641833"]
[EventDate "2024.10.30"]

1. e4 e6 2. d4 d5 3. Nd2 c5 4. exd5 Qxd5 5. Ngf3 cxd4 6. Bc4 Qd7 7. O-O Nc6 8.
Nb3 a6 9. Nbxd4 Nxd4 10. Qxd4 Qxd4 11. Nxd4 Nf6 12. Be2 Bd6 13. Rd1 Ke7 14. c4
Bd7 15. b4 Bxb4 16. Rb1 a5 17. a3 Bc5 18. Rxb7 Bxd4 19. Rxd4 Rhb8 20. Rxb8 Rxb8
21. f3 Rb1 22. Rd1 Ba4 23. Re1 Bc6 24. Bd2 Rxe1+ 25. Bxe1 a4 26. Kf2 e5 27. Ke3
Kd6 28. Kd3 Nd7 29. Kc3 Nc5 30. Kb4 Be8 31. Ka5 Kc6 32. Bd1 f6 33. Bxa4+ Nxa4
34. Kxa4 Bd7 35. Kb4 g6 36. Bh4 f5 37. Bf6 e4 38. fxe4 fxe4 39. Bg5 Bc8 40. Be3
Ba6 41. Kc3 Kd6 42. Kd4 Bb7 43. a4 Bc6 44. a5 Bb7 45. g4 h5 46. g5 Bc8 47. Bf4+
Kc6 48. Ke5 e3 49. Bxe3 Kc7 50. Kf6 Bf5 51. a6 Be4 52. h4 Kc6 53. Ba7 Kc7 54. c5
Kc8 55. Bb6 Kb8 56. c6 1-0

[Event "Shymkent WGP 2024"]
[Site "Shymkent KAZ"]
[Date "2024.11.05"]
[Round "6.2"]
[White "Koneru, Humpy"]
[Black "Tsolakidou, Stavroula"]
[Result "0-1"]
[WhiteTitle "GM"]
[BlackTitle "IM"]
[WhiteElo "2530"]
[BlackElo "2439"]
[WhiteFideId "5008123"]
[BlackFideId "4264312"]
[EventDate "2024.10.30"]

1. d4 Nf6 2. c4 g6 3. Nc3 Bg7 4. e4 d6 5. Bd3 O-O 6. Nge2 Nc6 7. O-O e5 8. d5
Nd4 9. Nxd4 exd4 10. Ne2 Nd7 11. Bf4 Qe7 12. Qd2 c5 13. dxc6 bxc6 14. Bg5 Qe8
15. Bc2 c5 16. Ba4 Qxe4 17. Ng3 Qb7 18. Be7 Nb6 19. Bxf8 Kxf8 20. Bb3 Be6 21.
Rac1 a5 22. a3 a4 23. Ba2 h5 24. f4 f5 25. Rfe1 Bf7 26. Nf1 Nd7 27. Bb1 Rb8 28.
Re2 Bh6 29. Bd3 Ne5 30. Rce1 Qb3 31. Rxe5 dxe5 32. Rxe5 Qxb2 33. Qa5 Bxf4 34.
Qxc5+ Kg8 35. Re7 Qb6 36. Qb5 Qd6 37. Rb7 Rxb7 38. Qxb7 Qxa3 39. Bc2 d3 40. Qa8+
Kg7 41. Bd1 Qc5+ 0-1

[Event "Shymkent WGP 2024"]
[Site "Shymkent KAZ"]
[Date "2024.11.05"]
[Round "6.3"]
[White "Lagno, Kateryna"]
[Black "Assaubayeva, Bibisara"]
[Result "1-0"]
[WhiteTitle "GM"]
[BlackTitle "IM"]
[WhiteElo "2527"]
[BlackElo "2487"]
[WhiteFideId "14109336"]
[BlackFideId "13708694"]
[EventDate "2024.10.30"]

1. e4 c5 2. Nf3 d6 3. Bb5+ Nd7 4. O-O a6 5. Bd3 Ngf6 6. c3 b5 7. a4 b4 8. Re1
Bb7 9. a5 e6 10. Bc2 Be7 11. d4 bxc3 12. bxc3 O-O 13. Nbd2 Qc7 14. Bd3 Rfb8 15.
Qe2 Nf8 16. h3 Bc6 17. dxc5 dxc5 18. Nc4 N6d7 19. e5 Ng6 20. Be4 Rb5 21. Bxc6
Qxc6 22. Bd2 Bd8 23. g3 Bc7 24. h4 h6 25. h5 Ngf8 26. Bf4 f5 27. Red1 Rb3 28.
Rac1 Rab8 29. Nfd2 R3b5 30. Kh2 Bxa5 31. g4 Bd8 32. Rg1 Nb6 33. gxf5 exf5 34.
Nd6 Ne6 35. Bxh6 Kh7 36. Qd3 1-0

[Event "Shymkent WGP 2024"]
[Site "Shymkent KAZ"]
[Date "2024.11.05"]
[Round "6.4"]
[White "Divya, Deshmukh"]
[Black "Salimova, Nurgyul"]
[Result "1/2-1/2"]
[WhiteTitle "IM"]
[BlackTitle "IM"]
[WhiteElo "2501"]
[BlackElo "2405"]
[WhiteFideId "35006916"]
[BlackFideId "2915138"]
[EventDate "2024.10.30"]

1. Nf3 d5 2. g3 Nf6 3. Bg2 e6 4. O-O c5 5. c4 dxc4 6. Na3 Nc6 7. Nxc4 Be7 8. b3
O-O 9. Bb2 Qc7 10. Rc1 Rd8 11. Qc2 Bd7 12. Nce5 Be8 13. d4 Rac8 14. Qb1 Nxe5 15.
Nxe5 Qb6 16. e3 Nd7 17. dxc5 Nxc5 18. Bd4 f6 19. b4 fxe5 20. Bxc5 Bxc5 21. bxc5
Qxb1 22. Rxb1 Rxc5 23. Rxb7 Ra5 24. Bh3 Ra6 25. Rc1 Kf8 26. Rb2 Bg6 27. Bg4 Rd7
28. Bf3 Ke7 29. h4 Bd3 30. Rc5 e4 31. Bg4 Kd6 32. Rc8 Ke5 33. Bd1 Rdd6 34. Rc5+
Kf6 35. g4 h6 36. Kg2 Rdc6 37. Rxc6 Rxc6 38. Rb7 a5 39. Bb3 Be2 40. Kg3 g5 41.
Rh7 Kg6 42. Re7 Kf6 43. Rh7 Kg6 44. Ra7 Bf3 45. h5+ Kf6 46. Rh7 Rc1 47. Rxh6+
Ke7 48. Rxe6+ Kd7 49. Re5 Rg1+ 50. Kh2 Rh1+ 51. Kg3 Rg1+ 52. Kh2 Rh1+ 1/2-1/2

[Event "Shymkent WGP 2024"]
[Site "Shymkent KAZ"]
[Date "2024.11.05"]
[Round "6.5"]
[White "Tan, Zhongyi"]
[Black "Munguntuul, Batkhuyag"]
[Result "1-0"]
[WhiteTitle "GM"]
[BlackTitle "IM"]
[WhiteElo "2551"]
[BlackElo "2344"]
[WhiteFideId "8603642"]
[BlackFideId "4900758"]
[EventDate "2024.10.30"]

1. d4 d5 2. Nf3 Nf6 3. e3 Bf5 4. c4 c6 5. cxd5 cxd5 6. Qb3 Qc8 7. Bd2 Nc6 8. Nc3
e6 9. Nh4 Bg6 10. Nxg6 hxg6 11. Bd3 Be7 12. O-O-O O-O 13. Kb1 a6 14. h4 b5 15.
f3 b4 16. Ne2 Na5 17. Qa4 Nc4 18. h5 g5 19. Ka1 Nb6 20. Qc2 Qxc2 21. Bxc2 a5 22.
b3 Ra7 23. Rc1 Rfa8 24. Bb1 a4 25. Kb2 Ne8 26. Rc6 Ra6 27. Kc2 Nc8 28. Rxa6 Rxa6
29. Nc1 Na7 30. Nd3 Nc6 31. Rc1 axb3+ 32. axb3 Nf6 33. g4 Nd7 34. Kb2 f6 35. Ne1
Rb6 36. Bd3 Nf8 37. Ra1 g6 38. hxg6 Kg7 39. f4 Nxg6 40. f5 Nf8 41. fxe6 Nxe6 42.
Bf5 Nc7 43. Nd3 Bd6 44. Be1 Kf7 45. Bf2 Nb5 46. Nc5 Nc3 47. Nd7 Rb7 48. Ra6 Rc7
49. Bg1 Bg3 50. Nc5 Nd8 51. e4 dxe4 52. Nxe4 Nd1+ 53. Kb1 Bf4 54. Nc5 Re7 55.
Kc2 Ne3+ 56. Bxe3 Bxe3 57. Kd3 Bf4 58. Ne4 Rc7 59. Rxf6+ Ke7 60. d5 Nb7 61. Re6+
Kf7 62. Kd4 Rc1 63. Rb6 Rd1+ 64. Kc4 Na5+ 65. Kxb4 Nxb3 66. Nc3 Rd2 67. Kxb3 Be5
68. Nb5 1-0